000
00247 a2200097 4500
001
51016
100
_a
Walpole Ronald E
245
_a
Probability & Stats for Engineers & Scientists
260
_a
New York
_b
Macmillan Pub
_c
090
_c
32303
_d
32303
942
_a
NUST-CAE
_c
M
_c
24785
999
_c
286089
_d
286089